000 01559nam a22004097a 4500
003 CHAP
005 20220329143439.0
008 090918s2009 mx r 00010 spa d
010 _a96753
011 _a97725
035 _a108395
040 _cCHAP
090 _aTesis
100 1 _aSánchez Espinoza, Caralampio.
_9107496
245 1 0 _aFechas óptimas de siembra para la región de los Altos del Estado de Chiapas
_c/por Caralampio Sánchez Espinoza
260 _aChapingo, Méx. :
_bEl autor,
_c2009
300 _axv, 126 h. :
_bcuadros, gráfs. , ilus.
502 _aTesis (Ing. en Irrigación) -- UACH. Departamento de Irrigación
530 _aTambién disponible en línea
590 _aALEPH
_b10
_c20130110
_lUCH01
_h1530
590 _aBATCH-UPD
_b10
_c20130110
_lUCH01
_h0944
590 _aBATCH-UPD
_b10
_c20130410
_lUCH01
_h0559
590 _aBATCH-UPD
_b10
_c20130913
_lUCH01
_h2155
590 _aBATCH-UPD
_b10
_c20140324
_lUCH01
_h1513
590 _aBATCH-UPD
_b10
_c20141002
_lUCH01
_h0840
590 _aCONVERSION
_b10
_c20130109
_lUCH01
_h1353
650 1 4 _aAgricultura de temporal.
_91999
650 1 4 _aAgricultura
_xChiapas.
_91355
650 1 4 _aCambios climáticos.
_917792
650 1 4 _aFechas de siembra.
_939904
650 1 4 _aTemperatura atmosférica.
_9112232
856 _3Finding aid
_uhttp://10.13.5.2/tesis/108395.pdf
_zTeclea aqui
901 _aBK
942 _cFOLL
949 _aTesis
_bBC
_cTES
_d33724002095025
_eTS1
_gDonaciØn
_h49534
_i108395
_sb
949 _aTesis
_bBC
_cTES
_d33724002095066
_eTS2
_fc.2
_gDonaciØn
_h49535
_i108395
_si
999 _c96753
_d96753